Nommez un Pokémon (1G) Valide pour Chaque Nombre de Lettres - Statistiques

Statistiques générales
  • Ce quiz a été pris 147 fois
    128 depuis la dernière actualisation
  • Le résultat moyen est 7 sur 8
Statistiques - réponses
Lettres Réponses possibles % Correct
3 Abo | Mew
97%
6 Aquali | Dodrio | Galopa | Goupix | Grolem | Kabuto | Krabby | Machoc | Magmar | Mewtwo | Ortide | Otaria | Ponyta | Pyroli | Raichu | Tauros | Tygnon
97%
7 Amonita | Arcanin | Aspicot | Caninos | Élektek | Feunard | Kadabra | Kicklee | Kokiyas | Magnéti | Mélofée | Miaouss | Persian | Pikachu | Porygon | Ptitard | Rattata | Ronflex | Roucool | Smogogo | Staross | Sulfura | Tadmorv | Tartard | Têtarte | Tortank | Voltali
96%
5 Arbok | Doduo | Draco | Évoli | Paras | Ptéra | Smogo | Stari
93%
9 Amonistar | Artikodin | Carabaffe | Chétiflor | Coconfort | Crustabri | Dracaufeu | Électrode | Férosinge | Flagadoss | Grodoudou | Hypnomade | Kangourex | Lamantine | Leveinard | Lippoutou | Machopeur | Magicarpe | Mélodelfe | Métamorph | Minidraco | Mystherbe | Nidoqueen | Noeunoeuf | Ossatueur | Poissoroy | Psykokwak | Racaillou | Rafflesia | Reptincel | Rondoudou | Sabelette | Salamèche | Soporifik | Tentacool
93%
10 Boustiflor | Bulbizarre | Canarticho | Chrysacier | Colossinge | Dardargnan | Dracolosse | Ectoplasma | Excelangue | Fantominus | Florizarre | Gravalanch | Grotadmorv | Herbizarre | Hypotrempe | Insécateur | Mackogneur | Nosferalto | Nosferapti | Papilusion | Poissirène | Rapasdepic | Rhinocorne | Rhinoféros | Roucarnage | Sablaireau | Saquedeneu | Scarabrute | Taupiqueur | Tentacruel | Triopikeur
92%
8 Aéromite | Akwakwak | Alakazam | Carapuce | Chenipan | Électhor | Empiflor | Hypocéan | Kabutops | Krabboss | Léviator | Lokhlass | Magnéton | Mimitoss | Nidoking | Nidorina | Nidorino | Noadkoko | Osselait | Parasect | Piafabec | Ramoloss | Rattatac | Roucoups | Spectrum | Voltorbe
90%
4 Abra | Onix
77%
Aucun quiz correspondant
Distribution des résultats
% des personnes avec chaque résultat
Percentile par nombre de réponses
Votre historique - résultats
Vous n’avez pas pris ce quiz depuis la dernière actualisation